UN Geoscheme: Subregions (Modified) - Statistics

General Stats
  • This quiz has been taken 12 times
  • The average score is 460 of 612
Answer Stats
Nation Answer Type Answer % Correct
South Africa Official Language Afrikaans|Zulu|Swazi|English
100%
Sudan Official Language Arabic|English
100%
Vanuatu Official Language Bislama|English|French
100%
Antigua and Barbuda | Australia | Bahamas | +25 others Official Language English
100%
Cook Islands Official Language English|Cook Islands Māori
100%
Fiji Official Language English|Fijian|Fiji Hindi
100%
Cameroon | Canada | Mauritius | Seychelles Official Language English|French
100%
Kiribati Official Language English|Gilbertese
100%
Papua New Guinea Official Language English|Hiri Motu|PNG Sign Language|Tok Pisin
100%
Singapore Official Language English|Malay|Mandarin|Tamil
100%
Solomon Islands Official Language English|Pijin
100%
Uganda Official Language English|Swahili
100%
Philippines Official Language Filipino|English
100%
India Official Language Hindi|English
100%
Ireland Official Language Irish|English
100%
Rwanda Official Language Kinyarwanda|English|French|Swahili
100%
Burundi Official Language Kirundi|French|English|Swahili
100%
Malta Official Language Maltese|English
100%
Marshall Islands Official Language Marshallese|English
100%
Nauru Official Language Nauruan|English
100%
Niue Official Language Niuean|English
100%
Palau Official Language Palauan|English
100%
Samoa Official Language Samoan|English
100%
Lesotho Official Language Sesotho|English
100%
Kenya | Tanzania Official Language Swahili|English
100%
Eswatini Official Language Swazi|English
100%
Tonga Official Language Tongan|English
100%
Tuvalu Official Language Tuvaluan|English
100%
Pakistan Official Language Urdu|English
100%
Ethiopia Official Language Amharic|Afar|Oromo|Somali|Tigrinya
89%
Bahrain | Egypt | Jordan | +12 others Official Language Arabic
89%
Algeria Official Language Arabic|Berber
89%
Chad | Djibouti Official Language Arabic|French
89%
Iraq Official Language Arabic|Kurdish
89%
Sahrawi Republic Official Language Arabic|Spanish
89%
Morocco Official Language Arabic|Tamazight
89%
Australia Nation Australia
89%
Belize Nation Belize
89%
Burundi Nation Burundi
89%
Australia Capital Canberra
89%
Central African Republic Nation Central African Republic
89%
Comoros Official Language Comorian|French|Arabic
89%
Comoros Nation Comoros
89%
Costa Rica Nation Costa Rica
89%
Democratic Republic of the Congo Nation Democratic Republic of the Congo
89%
El Salvador Nation El Salvador
89%
Guatemala Nation Guatemala
89%
Guatemala Capital Guatemala City
89%
Honduras Nation Honduras
89%
Mexico Nation Mexico
89%
Mexico Capital Mexico City
89%
New Zealand Nation New Zealand
89%
Nicaragua Nation Nicaragua
89%
Panama Nation Panama
89%
Panama Capital Panama City
89%
Republic of the Congo Nation Republic of the Congo
89%
Rwanda Nation Rwanda
89%
Somaliland Official Language Somali
89%
Somalia Nation Somalia
89%
Somalia Official Language Somali|Arabic
89%
South Africa Nation South Africa
89%
Argentina | Bolivia | Chile | +16 others Official Language Spanish
89%
Equatorial Guinea Official Language Spanish|Portuguese|French
89%
Eritrea Official Language Tigrinya|Arabic|Tigre|Kunama|Saho|Afar|Bilen|Nara|Beja
89%
New Zealand Capital Wellington
89%
Abkhazia Nation Abkhazia
78%
Abkhazia Official Language Abkhaz|Russian
78%
Ethiopia Capital Addis Ababa
78%
Albania Nation Albania
78%
Albania Official Language Albanian
78%
Kosovo Official Language Albanian|Serbian
78%
Algeria Nation Algeria
78%
Angola Nation Angola
78%
Argentina Nation Argentina
78%
Armenia Nation Armenia
78%
Armenia Official Language Armenian
78%
Azerbaijan Official Language Azerbaijani
78%
China Capital Beijing
78%
Belarus Official Language Belarusian|Russian
78%
Bangladesh Official Language Bengali
78%
Benin Nation Benin
78%
Switzerland Capital Bern
78%
Bhutan Nation Bhutan
78%
Bolivia Nation Bolivia
78%
Bosnia and Herzegovina Nation Bosnia and Herzegovina
78%
Bosnia and Herzegovina Official Language Bosnian|Serbian|Croatian
78%
Botswana Nation Botswana
78%
Brazil Nation Brazil
78%
Bulgaria Nation Bulgaria
78%
Bulgaria Official Language Bulgarian
78%
Burkina Faso Nation Burkina Faso
78%
Myanmar Official Language Burmese
78%
Cameroon Nation Cameroon
78%
Canada Nation Canada
78%
Cape Verde Nation Cape Verde
78%
Venezuela Capital Caracas
78%
Andorra Official Language Catalan
78%
Chad Nation Chad
78%
Chile Nation Chile
78%
China Nation China
78%
Colombia Nation Colombia
78%
Denmark Capital Copenhagen
78%
Croatia Nation Croatia
78%
Croatia Official Language Croatian
78%
Czech Republic Official Language Czech
78%
Denmark Official Language Danish
78%
Denmark Nation Denmark
78%
Djibouti Nation Djibouti
78%
Dominica Nation Dominica
78%
Dominican Republic Nation Dominican Republic
78%
Ireland Capital Dublin
78%
Netherlands | Suriname Official Language Dutch
78%
Belgium Official Language Dutch|French|German
78%
Bhutan Official Language Dzongkha
78%
Ecuador Nation Ecuador
78%
Equatorial Guinea Nation Equatorial Guinea
78%
Eritrea Nation Eritrea
78%
Estonia Nation Estonia
78%
Estonia Official Language Estonian
78%
Eswatini Nation Eswatini
78%
Ethiopia Nation Ethiopia
78%
Fiji Nation Fiji
78%
Finland Nation Finland
78%
Finland Official Language Finnish|Swedish
78%
Benin | Democratic Republic of the Congo | France | +9 others Official Language French
78%
Gabon Nation Gabon
78%
Gambia Nation Gambia
78%
Guyana Capital Georgetown
78%
Georgia Nation Georgia
78%
Georgia Official Language Georgian
78%
Austria | Germany | Liechtenstein Official Language German
78%
Switzerland Official Language German|French|Italian|Romansh
78%
Ghana Nation Ghana
78%
Greece Official Language Greek
78%
Cyprus Official Language Greek|Turkish
78%
Guinea Nation Guinea
78%
Guinea-Bissau Nation Guinea-Bissau
78%
Guyana Nation Guyana
78%
Israel Official Language Hebrew
78%
Finland Capital Helsinki
78%
Hungary Official Language Hungarian
78%
Iceland Nation Iceland
78%
Iceland Official Language Icelandic
78%
India Nation India
78%
Indonesia Nation Indonesia
78%
Indonesia Official Language Indonesian
78%
Ireland Nation Ireland
78%
Israel Nation Israel
78%
Italy | San Marino Official Language Italian
78%
Vatican City Official Language Italian|Latin
78%
Ivory Coast Nation Ivory Coast
78%
Japan Nation Japan
78%
Japan Official Language Japanese
78%
Israel Capital Jerusalem
78%
Kazakhstan Official Language Kazakh|Russian
78%
Kenya Nation Kenya
78%
Cambodia Official Language Khmer
78%
North Korea | South Korea Official Language Korean
78%
Kosovo Nation Kosovo
78%
Kyrgyzstan Official Language Kyrgyz|Russian
78%
Laos Official Language Lao
78%
Bolivia Capital La Paz|Sucre
78%
Latvia Nation Latvia
78%
Latvia Official Language Latvian
78%
Lesotho Nation Lesotho
78%
Liberia Nation Liberia
78%
Libya Nation Libya
78%
Lithuania Nation Lithuania
78%
Lithuania Official Language Lithuanian
78%
United Kingdom Capital London
78%
Luxembourg Capital | Nation Luxembourg
78%
Luxembourg Official Language Luxembourgish
78%
North Macedonia Official Language Macedonian|Albanian
78%
Madagascar Nation Madagascar
78%
Madagascar Official Language Malagasy|French
78%
Malawi Nation Malawi
78%
Brunei | Malaysia Official Language Malay
78%
Mali Nation Mali
78%
Nicaragua Capital Managua
78%
Mauritania Nation Mauritania
78%
Mauritius Nation Mauritius
78%
Moldova Nation Moldova
78%
Mongolia Nation Mongolia
78%
Mongolia Official Language Mongolian
78%
Montenegro Official Language Montenegrin
78%
Uruguay Capital Montevideo
78%
Morocco Nation Morocco
78%
Mozambique Nation Mozambique
78%
Kenya Capital Nairobi
78%
Nepal Nation Nepal
78%
Nepal Official Language Nepali
78%
Cyprus Capital Nicosia
78%
Niger Nation Niger
78%
Nigeria Nation Nigeria
78%
Northern Cyprus Nation Northern Cyprus
78%
North Korea Nation North Korea
78%
Norway Nation Norway
78%
Norway Official Language Norwegian|Sámi
78%
Norway Capital Oslo
78%
South Ossetia Official Language Ossetian|Russian
78%
Paraguay Nation Paraguay
78%
Afghanistan Official Language Pashto|Dari
78%
Iran Official Language Persian
78%
Peru Nation Peru
78%
Poland Official Language Polish
78%
Angola | Brazil | Cape Verde | +4 others Official Language Portuguese
78%
East Timor Official Language Portuguese|Tetum
78%
North Korea Capital Pyongyang
78%
Iceland Capital Reykjavík
78%
Latvia Capital Riga
78%
Romania Nation Romania
78%
Moldova | Romania Official Language Romanian
78%
Italy Capital Rome
78%
Russia Nation Russia
78%
Russia Official Language Russian
78%
Transnistria Official Language Russian|Romanian|Ukranian
78%
Sahrawi Republic Nation Sahrawi Republic
78%
Central African Republic Official Language Sango|French
78%
Sao Tome and Principe Capital São Tomé
78%
Sao Tome and Principe Nation Sao Tome and Principe
78%
South Korea Capital Seoul
78%
Serbia Nation Serbia
78%
Serbia Official Language Serbian
78%
Seychelles Nation Seychelles
78%
Sierra Leone Nation Sierra Leone
78%
Sri Lanka Official Language Sinhala|Tamil
78%
Slovakia Official Language Slovak
78%
Slovenia Official Language Slovene
78%
Somaliland Nation Somaliland
78%
South Korea Nation South Korea
78%
South Ossetia Nation South Ossetia
78%
South Sudan Nation South Sudan
78%
Sweden Capital Stockholm
78%
Sudan Nation Sudan
78%
Suriname Nation Suriname
78%
Sweden Nation Sweden
78%
Sweden Official Language Swedish
78%
Taiwan Capital Taipei
78%
Taiwan Nation Taiwan
78%
Tajikistan Official Language Tajik|Russian
78%
Estonia Capital Tallinn
78%
Tanzania Nation Tanzania
78%
Thailand Official Language Thai
78%
Albania Capital Tirana
78%
Togo Nation Togo
78%
Japan Capital Tokyo
78%
Transnistria Nation Transnistria
78%
Tunisia Capital Tunis
78%
Tunisia Nation Tunisia
78%
Northern Cyprus | Turkey Official Language Turkish
78%
Turkmenistan Official Language Turkmen
78%
Uganda Nation Uganda
78%
Ukraine Official Language Ukrainian
78%
Mongolia Capital Ulaanbaatar
78%
United Kingdom Nation United Kingdom
78%
United States Nation United States
78%
Uruguay Nation Uruguay
78%
Uzbekistan Official Language Uzbek
78%
Liechtenstein Capital Vaduz
78%
Venezuela Nation Venezuela
78%
Vietnam Nation Vietnam
78%
Vietnam Official Language Vietnamese
78%
Lithuania Capital Vilnius
78%
United States Capital Washington D.C.
78%
Zambia Nation Zambia
78%
Zimbabwe Nation Zimbabwe
78%
United Arab Emirates Capital Abu Dhabi
67%
Nigeria Capital Abuja
67%
Ghana Capital Accra
67%
Afghanistan Nation Afghanistan
67%
Algeria Capital Algiers
67%
Netherlands Capital Amsterdam
67%
Andorra Nation Andorra
67%
Andorra Capital Andorra la Vella
67%
Turkey Capital Ankara
67%
Antigua and Barbuda Nation Antigua and Barbuda
67%
Paraguay Capital Asunción
67%
Greece Capital Athens
67%
Austria Nation Austria
67%
Azerbaijan Nation Azerbaijan
67%
Iraq Capital Baghdad
67%
Bahamas Nation Bahamas
67%
Bahrain Nation Bahrain
67%
Azerbaijan Capital Baku
67%
Mali Capital Bamako
67%
Thailand Capital Bangkok
67%
Bangladesh Nation Bangladesh
67%
Barbados Nation Barbados
67%
Lebanon Capital Beirut
67%
Belarus Nation Belarus
67%
Belgium Nation Belgium
67%
Serbia Capital Belgrade
67%
Belize Capital Belmopan
67%
Germany Capital Berlin
67%
Guinea-Bissau Capital Bissau
67%
Colombia Capital Bogotá
67%
Brazil Capital Brasília
67%
Slovakia Capital Bratislava
67%
Republic of the Congo Capital Brazzaville
67%
Brunei Nation Brunei
67%
Belgium Capital Brussels
67%
Romania Capital Bucharest
67%
Hungary Capital Budapest
67%
Argentina Capital Buenos Aires
67%
Egypt Capital Cairo
67%
Cambodia Nation Cambodia
67%
Moldova Capital Chișinău
67%
Guinea Capital Conakry
67%
Cook Islands Nation Cook Islands
67%
Cuba Nation Cuba
67%
Cyprus Nation Cyprus
67%
Czech Republic Nation Czech Republic
67%
Senegal Capital Dakar
67%
Syria Capital Damascus
67%
Bangladesh Capital Dhaka
67%
East Timor Capital Dili
67%
Djibouti Capital Djibouti City
67%
Tanzania Capital Dodoma
67%
East Timor Nation East Timor
67%
Egypt Nation Egypt
67%
Federated States of Micronesia Nation Federated States of Micronesia
67%
France Nation France
67%
Sierra Leone Capital Freetown
67%
Germany Nation Germany
67%
Greece Nation Greece
67%
Grenada Nation Grenada
67%
Haiti Nation Haiti
67%
Vietnam Capital Hanoi
67%
Cuba Capital Havana
67%
Hungary Nation Hungary
67%
Iran Nation Iran
67%
Iraq Nation Iraq
67%
Pakistan Capital Islamabad
67%
Italy Nation Italy
67%
Indonesia Capital Jakarta
67%
Jamaica Nation Jamaica
67%
Afghanistan Capital Kabul
67%
Uganda Capital Kampala
67%
Nepal Capital Kathmandu
67%
Kazakhstan Nation Kazakhstan
67%
Sudan Capital Khartoum|Port Sudan
67%
Rwanda Capital Kigali
67%
Jamaica Capital Kingston
67%
Saint Vincent and the Grenadines Capital Kingstown
67%
Democratic Republic of the Congo Capital Kinshasa
67%
Kiribati Nation Kiribati
67%
Malaysia Capital Kuala Lumpur|Putrajaya
67%
Kuwait Nation Kuwait
67%
Kuwait Capital Kuwait City
67%
Ukraine Capital Kyiv
67%
Kyrgyzstan Nation Kyrgyzstan
67%
Laos Nation Laos
67%
Lebanon Nation Lebanon
67%
Liechtenstein Nation Liechtenstein
67%
Peru Capital Lima
67%
Portugal Capital Lisbon
67%
Slovenia Capital Ljubljana
67%
Angola Capital Luanda
67%
Spain Capital Madrid
67%
Equatorial Guinea Capital Malabo
67%
Malaysia Nation Malaysia
67%
Maldives Nation Maldives
67%
Malta Nation Malta
67%
Philippines Capital Manila
67%
Marshall Islands Nation Marshall Islands
67%
Lesotho Capital Maseru
67%
Belarus Capital Minsk
67%
Somalia Capital Mogadishu
67%
Monaco Capital | Nation Monaco
67%
Liberia Capital Monrovia
67%
Montenegro Nation Montenegro
67%
Burkina Faso Official Language Mooré|Bissa|Dyula|Fula
67%
Russia Capital Moscow
67%
Oman Capital Muscat
67%
Myanmar Nation Myanmar
67%
Namibia Nation Namibia
67%
Bahamas Capital Nassau
67%
Nauru Nation Nauru
67%
Myanmar Capital Naypyidaw
67%
Netherlands Nation Netherlands
67%
India Capital New Delhi
67%
Niger Capital Niamey
67%
Niue Nation Niue
67%
North Macedonia Nation North Macedonia
67%
Oman Nation Oman
67%
Pakistan Nation Pakistan
67%
Palau Nation Palau
67%
Papua New Guinea Nation Papua New Guinea
67%
France Capital Paris
67%
Philippines Nation Philippines
67%
Cambodia Capital Phnom Penh
67%
Montenegro Capital Podgorica
67%
Poland Nation Poland
67%
Haiti Capital Port-au-Prince
67%
Papua New Guinea Capital Port Moresby
67%
Portugal Nation Portugal
67%
Czech Republic Capital Prague
67%
South Africa Capital Pretoria|Cape Town|Bloemfontein
67%
Kosovo Capital Pristina
67%
Qatar Nation Qatar
67%
Ecuador Capital Quito
67%
Morocco Capital Rabat
67%
Saudi Arabia Capital Riyadh
67%
Grenada Capital Saint George's
67%
Saint Kitts and Nevis Nation Saint Kitts and Nevis
67%
Saint Lucia Nation Saint Lucia
67%
Saint Vincent and the Grenadines Nation Saint Vincent and the Grenadines
67%
Samoa Nation Samoa
67%
Yemen Capital Sanaa|Aden
67%
Costa Rica Capital San José
67%
San Marino Capital | Nation San Marino
67%
El Salvador Capital San Salvador
67%
Chile Capital Santiago
67%
Dominican Republic Capital Santo Domingo
67%
Bosnia and Herzegovina Capital Sarajevo
67%
Saudi Arabia Nation Saudi Arabia
67%
Senegal Nation Senegal
67%
Singapore Capital | Nation Singapore
67%
North Macedonia Capital Skopje
67%
Slovakia Nation Slovakia
67%
Slovenia Nation Slovenia
67%
Bulgaria Capital Sofia
67%
Solomon Islands Nation Solomon Islands
67%
Spain Nation Spain
67%
Sri Lanka Capital Sri Jayawardenepura Kotte|Colombo
67%
Sri Lanka Nation Sri Lanka
67%
Switzerland Nation Switzerland
67%
Syria Nation Syria
67%
Tajikistan Nation Tajikistan
67%
Uzbekistan Capital Tashkent
67%
Georgia Capital Tbilisi
67%
Iran Capital Tehran
67%
Thailand Nation Thailand
67%
Bhutan Capital Thimphu
67%
Transnistria Capital Tiraspol
67%
Tonga Nation Tonga
67%
Trinidad and Tobago Nation Trinidad and Tobago
67%
Libya Capital Tripoli
67%
Turkey Nation Turkey
67%
Turkmenistan Nation Turkmenistan
67%
Tuvalu Nation Tuvalu
67%
Ukraine Nation Ukraine
67%
United Arab Emirates Nation United Arab Emirates
67%
Uzbekistan Nation Uzbekistan
67%
Malta Capital Valletta
67%
Vanuatu Nation Vanuatu
67%
Vatican City Nation Vatican CIty
67%
Vatican City Capital Vatican City
67%
Seychelles Capital Victoria
67%
Austria Capital Vienna
67%
Laos Capital Vientiane
67%
Poland Capital Warsaw
67%
Cameroon Capital Yaoundé
67%
Yemen Nation Yemen
67%
Armenia Capital Yerevan
67%
Croatia Capital Zagreb
67%
Jordan Capital Amman
56%
Madagascar Capital Antananarivo
56%
Samoa Capital Apia
56%
Turkmenistan Capital Ashgabat
56%
Eritrea Capital Asmara
56%
Kazakhstan Capital Astana
56%
Brunei Capital Bandar Seri Begawan
56%
Central African Republic Capital Bangui
56%
Gambia Capital Banjul
56%
Kyrgyzstan Capital Bishkek
56%
Barbados Capital Bridgetown
56%
Saint Lucia Capital Castries
56%
Maldives Official Language Dhivehi
56%
Qatar Capital Doha
56%
Tuvalu Capital Funafuti
56%
Botswana Capital Gaborone
56%
Burundi Capital Gitega
56%
Zimbabwe Capital Harare
56%
Somaliland Capital Hargeisa
56%
Solomon Islands Capital Honiara
56%
Jordan Nation Jordan
56%
South Sudan Capital Juba
56%
Gabon Capital Libreville
56%
Malawi Capital Lilongwe
56%
Togo Capital Lomé
56%
Zambia Capital Lusaka
56%
Marshall Islands Capital Majuro
56%
Maldives Capital Malé
56%
Bahrain Capital Manama
56%
Mozambique Capital Maputo
56%
Eswatini Capital Mbabane|Lobamba
56%
Comoros Capital Moroni
56%
Chad Capital N'Djamena
56%
Palau Capital Ngerulmud
56%
Northern Cyprus Capital North Nicosia
56%
Mauritania Capital Nouakchott
56%
Tonga Capital Nuku'alofa
56%
Canada Capital Ottowa
56%
Burkina Faso Capital Ouagadougou
56%
Suriname Capital Paramaribo
56%
Mauritius Capital Port Louis
56%
Trinidad and Tobago Capital Port of Spain
56%
Benin Capital Porto-Novo
56%
Vanuatu Capital Port Vila
56%
Cape Verde Capital Praia
56%
Dominica Capital Roseau
56%
Antigua and Barbuda Capital Saint John's
56%
Abkhazia Capital Sukhumi
56%
Fiji Capital Suva
56%
Kiribati Capital Tarawa
56%
Honduras Capital Tegucigalpa
56%
Namibia Capital Windhoek
56%
Ivory Coast Capital Yamoussoukro
56%
Nauru Capital Yaren
56%
Saint Kitts and Nevis Capital Basseterre
44%
Tajikistan Capital Dushanbe
44%
Sahrawi Republic Capital El Aaiún|Tifariti
44%
Federated States of Micronesia Capital Palikir
44%
South Ossetia Capital Tskhinvali
44%
Niue Capital Alofi
33%
Cook Islands Capital Avarua
33%
China | Taiwan Official Language Standard Chinese
33%
No matching quizzes found
Score Distribution
Percent of People with Each Score
Percentile by Number Answered
Your Score History
You have not taken this quiz